00863nam a2200217 i 4500001000300000245022700003260002700230300002800257504002600285650001100311655003000322700002700352700003000379710005300409020001500462040000800477041000700485080001400492008004100506856009800547bg00aĆwiczenia laboratoryjne z fizyki :bpodręcznik dla studentów wyższych szkół technicznych : praca zbiorowa.Cz. /cpod red. Barbary Oleś i Małgorzaty Duraj ; Politechnika Krakowska im. Tadeusza Kościuszkin1. aKraków :bPK,c2000. a352 s. :bil. ;c24 cm. aBibliogr. przy rozdz. 9aFizyka aPodręczniki akademickie1 aOLEŚ, Barbara.eRed.1 aDURAJ, Małgorzata.eRed. 0aPolitechnika Krakowska im. Tadeusza Kościuszki a8372421005 cBPK0 apl a53(075.8) s pl f |000 0 pol  uhttp://koha.tu.koszalin.pl/cgi-bin/koha/opac-detail.pl?biblionumber=38869yKatalog online BPK